| 000 | 02130nam a22003617a 4500 | ||
|---|---|---|---|
| 001 | 101799 | ||
| 003 | KnowledgeUnlatched | ||
| 005 | 20210303105049.0 | ||
| 006 | m o d | ||
| 007 | cr u|||||||||| | ||
| 008 | 210129p20092019mau o u00| u eng d | ||
| 037 | _5BiblioBoard | ||
| 245 | 0 | 0 |
_aLanguage and Culture in Eighteenth Century Russia _cMarcus C. Levitt, Victor Zhivov. |
| 020 | _a9781618116734 | ||
| 029 | 1 | _ahttps://library.biblioboard.com/ext/api/media/cd821e69-856d-4ffc-ad26-74c36592ab98/assets/thumbnail.jpg | |
| 040 |
_aScCtBLL _cScCtBLL |
||
| 506 | 0 |
_aAccess copy available to the general public. _fUnrestricted _2star |
|
| 700 | 1 |
_aLevitt, Marcus C. _eeditor. |
|
| 700 | 1 |
_aZhivov, Victor _eauthor. |
|
| 264 | 1 | _bAcademic Studies Press, | |
| 300 | _a1 online resource (525 p.) | ||
| 520 | _aVictor Zhivov's Language and Culture in Eighteenth-Century Russia is one of the most important studies ever published on eighteenth-century Russia. Historians and students of Russian culture agree that the creation of a Russian literary language was key to the formation of a modern secular culture, and this title traces the growth of a vernacular language from the "hybrid Slavonic" of the late seventeenth century through the debates between "archaists and innovators" of the early nineteenth century. Zhivov's study is an essential work on the genesis of modern Russian culture; the aim of this translation is to make it available to historians and students of the field. | ||
| 588 | 0 | _aDescription based on print version record. | |
| 590 | _aKU Open Services | ||
| 650 | 7 |
_aLanguage Arts & Disciplines / Linguistics _2bisacsh |
|
| 650 | 0 | _aLanguage arts | |
| 655 | 0 | _aElectronic books. | |
| 758 |
_iIs found in: _aKnowledge Unlatched _1https://openresearchlibrary.org/module/2774bc74-146a-484f-a7ba-ab1d6a09bbfb |
||
| 856 | 4 | 0 |
_uhttps://openresearchlibrary.org/content/cd821e69-856d-4ffc-ad26-74c36592ab98 _zView this content on Open Research Library. _70 |
| 999 |
_c33459 _d33459 |
||